South Eastern Kenya University

Library Online Public Access Catalogue


Food scarcity and famine; (Record no. 453)

MARC details
000 -LEADER
fixed length control field 00398nam a22001457a 4500
020 ## - INTERNATIONAL STANDARD BOOK NUMBER
International Standard Book Number 9780855981457
050 ## - LIBRARY OF CONGRESS CALL NUMBER
Classification number TX353
Item number .Y68 1992
100 ## - MAIN ENTRY--PERSONAL NAME
Personal name Young, Helen
245 ## - TITLE STATEMENT
Title Food scrcity and famine/
Remainder of title assesment and response
Statement of responsibility, etc. Helen, Young
260 ## - PUBLICATION, DISTRIBUTION, ETC. (IMPRINT)
Place of publication, distribution, etc. Uk; Ireland:
Name of publisher, distributor, etc. Oxfam,
Date of publication, distribution, etc. 1992.
300 ## - PHYSICAL DESCRIPTION
Extent iv, 124p.:
500 ## - GENERAL NOTE
General note 1ncludes Index
650 ## - SUBJECT ADDED ENTRY--TOPICAL TERM
Form subdivision 1. Food suply. 2.Famines. 3.Oxfam.
942 ## - ADDED ENTRY ELEMENTS (KOHA)
Koha item type General circulation
Holdings
Withdrawn status Lost status Source of classification or shelving scheme Damaged status Not for loan Home library Current library Date acquired Cost, normal purchase price Total Checkouts Full call number Barcode Date last seen Cost, replacement price Koha item type Public note
    Library of Congress Classification     Main Campus Library Main Campus Library 25/07/2014 3200.00   TX353 .Y68 1992 2017/020942 25/07/2014 3700.00 General circulation sm
Kitui, Kenya.
+254736116989
library@seku.ac.ke